| 000 | 00425nam a2200157Ia 4500 | ||
|---|---|---|---|
| 008 | 210716s1996 xx 000 0 und d | ||
| 020 | _a8120321774 | ||
| 041 | _aeng | ||
| 082 | _a006.42 ANDP | ||
| 100 | _aAndleigh, Prabhat k; Thakrar, Kiran. | ||
| 245 | _aMultimedia systems design. | ||
| 250 | _a1 | ||
| 260 |
_aNew Delhi _bPHI Learning Pvt Ltd _c1996 |
||
| 300 | _axvii,654 | ||
| 650 | _aGraphics ProgramMultimedia Sys | ||
| 999 |
_c185682 _d185682 |
||